Developing Focus Group Research : Politics Theory and Practice

Bibliographic Details
Other Authors: Barbour, Rosaline S. (Editor), Kitzinger, Jenny (Editor)
Format: Book
Language:English
Published: London : SAGe Publications Ltd 1999
Subjects:

MARC

LEADER 00000cam a2200000 7i4500
001 0000009850
005 20241004.0
008 011228 enka eng
020 |a 0761955682 
040 |a INS   |b eng   |e rda 
090 0 0 |a H61.28   |b .D48 1999 
245 0 0 |a Developing Focus Group Research :   |b Politics Theory and Practice   |c edited by Rosaline S. Barbour and Jenny Kitzinger 
264 1 |a London :   |b SAGe Publications Ltd   |c 1999 
300 |a xil, 225 pages :   |b illustrations ;   |c 24 cm. 
336 |a text  |2 rdacontent 
337 |a unmediated  |2 rdamedia 
338 |a volume  |2 rdacarrier 
504 |a Includes bibliographical references and index 
650 0 |a Focused group interviewing 
650 0 |a Social sceinces   |x Methodology 
650 0 |a Social sciences   |x Research 
700 1 |a Barbour, Rosaline S. ,   |e editor 
700 1 |a Kitzinger, Jenny ,   |e editor 
999 |a 0000008961   |b BOOK   |c Open Shelf   |e Default branch